| 000 | 01109 a2200217 4500 | ||
|---|---|---|---|
| 005 | 20080912113951.0 | ||
| 008 | 080912t xxu||||| |||| 00| 0 hin d | ||
| 010 | _aHIN-80706 | ||
| 020 |
_a8188457426 _c200.00 |
||
| 035 | _aHN-53052 | ||
| 037 | _bD.B.Act / pub | ||
| 082 | _a808.88 | ||
| 100 | _aमिश्र, राजेंद्र | ||
| 245 |
_aगांधी अंग्रेजी भूल गया है _cराजेंद्र मिश्र |
||
| 246 |
_aGandhi Angrezi Bhul Gay hai _bby Rajendra Mishra |
||
| 260 |
_aनई दिल्ली _bकल्याणी शिक्षा परिषद _c2007 |
||
| 270 |
_a3320-21, जटवाड़ा,दरियागंज _bनई दिल्ली _e110002 |
||
| 300 |
_a144पृ _c22 सेमी (सजिल्द) |
||
| 942 |
_adpl _cHN _k808.88 / मिश्ररा _2ddc _h808.88 _mमिश्ररा |
||
| 999 |
_c6933 _d6933 |
||